CLINICAL RESEARCH PROTOCOLS FOR TRADITIONAL HEALTH SCIENCES (AYURVEDA SIDDHA UNANI RIGPA AND OTHER ) (Record no. 502271)

MARC details
000 -LEADER
fixed length control field 00523pam a2200157a 44500
008 - FIXED-LENGTH DATA ELEMENTS--GENERAL INFORMATION
fixed length control field 230515b2019 xxu||||| |||| 00| 0 eng d
020 ## - INTERNATIONAL STANDARD BOOK NUMBER
International Standard Book Number NULL
041 ## - LANGUAGE CODE
Language code of text/sound track or separate title ENGLISH<br/>
082 ## - DEWEY DECIMAL CLASSIFICATION NUMBER
Classification number 0000
100 ## - MAIN ENTRY--PERSONAL NAME
Personal name MINISTRY OF AYUSH
245 ## - TITLE STATEMENT
Title CLINICAL RESEARCH PROTOCOLS FOR TRADITIONAL HEALTH SCIENCES (AYURVEDA SIDDHA UNANI RIGPA AND OTHER )
250 ## - EDITION STATEMENT
Edition statement I
260 ## - PUBLICATION, DISTRIBUTION, ETC.
Place of publication, distribution, etc. NEW DELHI
Name of publisher, distributor, etc. NULL
Date of publication, distribution, etc. 2019
300 ## - PHYSICAL DESCRIPTION
Extent 1090
650 ## - SUBJECT ADDED ENTRY--TOPICAL TERM
Topical term or geographic name entry element CLINICAL RESEARCH PROTOCOLS FOR TRADITIONAL HEALTH SCIENCES (AYURVEDA SIDDHA UNANI RIGPA AND OTHER )
Holdings
Withdrawn status Lost status Damaged status Not for loan Home library Current library Shelving location Date acquired Source of acquisition Cost, normal purchase price Total Checkouts Full call number Barcode Date last seen Price effective from Koha item type
        College of Ayurved, Pune College of Ayurved, Pune   21/02/2020 NULL 1.00   0000 ACP-DO-310 28/06/2023 28/06/2023 Book